[Event "Rilton Cup 51st"]
[Site "Stockholm"]
[Date "2024.01.03"]
[Round "7"]
[White "Aradhya, Garg"]
[Black "Hillarp Persson, Tiger"]
[Result "1-0"]
[WhiteElo "2371"]
[BlackElo "2493"]
[PlyCount "63"]
[EventDate "2023.12.27"]
[EventType "swiss"]
[EventRounds "9"]
[EventCountry "SWE"]
[SourceTitle "CBM 218 Extra"]
[Source "ChessBase"]
[SourceDate "2024.03.31"]
[SourceVersion "1"]
[SourceVersionDate "2024.03.31"]
[SourceQuality "1"]

1. d4 Nf6 2. c4 e6 3. Nf3 c5 4. d5 d6 5. Nc3 exd5 6. cxd5 g6 7. h3 Bg7 8. e4 0-0 9. Bd3 Re8 10. 0-0 Nbd7 11. Bf4 c4 12. Bc2 Nc5 13. Re1 b5 14. Nxb5 Nfxe4 15. Bxe4 Nxe4 16. Qc2 Bd7 17. Nbd4 f5 18. Qxc4 Qb6 19. Re2 g5 20. Be3 Qc5 21. Qxc5 dxc5 22. Nc6 g4 23. hxg4 fxg4 24. Ne1 g3 25. Nd3 c4 26. Nf4 Nxf2 27. Rc1 Ng4 28. Bc5 Bxc6 29. dxc6 Bh6 30. Rxc4 Bxf4 31. Rxe8+ Rxe8 32. Rxf4 1-0

[Event "Rilton Cup 51st"]
[Site "Stockholm"]
[Date "2023.12.31"]
[Round "5"]
[White "Doshi, Moksh Amitbhai"]
[Black "Hillarp Persson, Tiger"]
[Result "1-0"]
[WhiteElo "2366"]
[BlackElo "2493"]
[PlyCount "115"]
[EventDate "2023.12.27"]
[EventType "swiss"]
[EventRounds "9"]
[EventCountry "SWE"]
[SourceTitle "CBM 218 Extra"]
[Source "ChessBase"]
[SourceDate "2024.03.31"]
[SourceVersion "1"]
[SourceVersionDate "2024.03.31"]
[SourceQuality "1"]

1. d4 Nf6 2. c4 g6 3. Nc3 Bg7 4. e4 d6 5. Be2 0-0 6. Be3 e5 7. d5 Na6 8. h4 c6 9. h5 cxd5 10. cxd5 Nc5 11. h6 Bh8 12. f3 Nh5 13. g4 Nf4 14. Bf1 Qb6 15. Rb1 a5 16. Qd2 Bd7 17. Nh3 Rfe8 18. Kf2 Bf6 19. Kg3 g5 20. Nf2 a4 21. Be2 Rec8 22. Rhc1 Bd8 23. Nd3 Nfxd3 24. Bxd3 f6 25. Bf1 Qb4 26. Nb5 Qxd2 27. Bxd2 Bxb5 28. Bxb5 Ba5 29. Be3 Bb6 30. Bf2 Kf8 31. Rc4 Ke7 32. Rbc1 Ra5 33. Bxa4 Rxa4 34. Rxa4 Nxe4+ 35. fxe4 Bxf2+ 36. Kxf2 Rxc1 37. Rb4 Rc7 38. Rb6 Rd7 39. Ke2 Kf7 40. a4 Kg6 41. a5 Kxh6 42. b4 Kg6 43. b5 h5 44. Kf3 hxg4+ 45. Kxg4 Rc7 46. Rc6 Rh7 47. Rxd6 Rh4+ 48. Kf3 g4+ 49. Kg2 Kg5 50. a6 bxa6 51. bxa6 Rh3 52. Rb6 Ra3 53. d6 Ra2+ 54. Kf1 Ra1+ 55. Ke2 Ra2+ 56. Kd3 Ra1 57. Kc2 g3 58. d7 1-0

[Event "Rilton Cup 51st"]
[Site "Stockholm"]
[Date "2023.12.29"]
[Round "3"]
[White "Eggleston, David"]
[Black "Hillarp Persson, Tiger"]
[Result "1/2-1/2"]
[WhiteElo "2353"]
[BlackElo "2493"]
[PlyCount "94"]
[EventDate "2023.12.27"]
[EventType "swiss"]
[EventRounds "9"]
[EventCountry "SWE"]
[SourceTitle "CBM 218 Extra"]
[Source "ChessBase"]
[SourceDate "2024.03.31"]
[SourceVersion "1"]
[SourceVersionDate "2024.03.31"]
[SourceQuality "1"]

1. e4 c5 2. Nf3 d6 3. Bb5+ Bd7 4. c4 Nc6 5. Nc3 Nf6 6. 0-0 e6 7. Re1 Ne5 8. d3 Be7 9. Bf4 Ng6 10. Bg3 Bxb5 11. Nxb5 Nh5 12. d4 Nxg3 13. hxg3 a6 14. Nc3 cxd4 15. Qxd4 0-0 16. Rad1 Rc8 17. Re3 Qa5 18. a3 Qc7 19. b3 d5 20. exd5 Bc5 21. Qe4 Bxe3 22. Qxe3 exd5 23. Nxd5 Qc5 24. Nd4 Rfe8 25. Qc1 Re5 26. Ne3 Rce8 27. b4 Qc8 28. c5 Rd8 29. Qc2 h5 30. Nc4 Re7 31. Nd6 Qg4 32. N4f5 Re6 33. Ne3 Qg5 34. Nxb7 Rxd1+ 35. Qxd1 Rxe3 36. fxe3 Qxe3+ 37. Kh2 Ne5 38. Qxh5 g6 39. Qd1 Qh6+ 40. Kg1 Qe3+ 41. Kh2 Qh6+ 42. Kg1 Qe3+ 43. Kh2 Kh7 44. c6 Qh6+ 45. Kg1 Qe3+ 46. Kh2 Qh6+ 47. Kg1 Qe3+ 1/2-1/2

[Event "Rilton Cup 51st"]
[Site "Stockholm"]
[Date "2023.12.27"]
[Round "1"]
[White "Srihari, Lakshmi"]
[Black "Hillarp Persson, Tiger"]
[Result "1/2-1/2"]
[WhiteElo "2272"]
[BlackElo "2493"]
[PlyCount "85"]
[EventDate "2023.12.27"]
[EventType "swiss"]
[EventRounds "9"]
[EventCountry "SWE"]
[SourceTitle "CBM 218 Extra"]
[Source "ChessBase"]
[SourceDate "2024.03.31"]
[SourceVersion "1"]
[SourceVersionDate "2024.03.31"]
[SourceQuality "1"]

1. e4 c5 2. Nf3 e6 3. d4 cxd4 4. Nxd4 a6 5. Bd3 Bc5 6. Nb3 Be7 7. 0-0 d6 8. c4 Nf6 9. Qe2 Nbd7 10. f4 b6 11. Nc3 Bb7 12. Bd2 0-0 13. Rae1 Re8 14. Bc2 e5 15. g4 g6 16. f5 b5 17. g5 Nh5 18. f6 Bf8 19. Bd3 bxc4 20. Bxc4 Nb6 21. Bd5 Nxd5 22. Nxd5 a5 23. Rf3 a4 24. Nc1 Nf4 25. Bxf4 exf4 26. Qd2 h6 27. h4 hxg5 28. hxg5 Re5 29. Qxf4 Bxd5 30. Nd3 Be6 31. Nxe5 dxe5 32. Qh4 Qd2 33. Ref1 Rb8 34. Kh1 Rxb2 35. R3f2 Qd4 36. Rxb2 Qxb2 37. Rf2 Qb1+ 38. Kg2 Bc5 39. Rf1 Qxa2+ 40. Kh1 Qc2 41. Re1 a3 42. Re3 a2 43. Qh8+ 1/2-1/2

[Event "Malmo op"]
[Site "Malmo"]
[Date "2023.12.16"]
[Round "5"]
[White "Hillarp Persson, Tiger"]
[Black "Kistrup, Nicolai"]
[Result "1-0"]
[WhiteElo "2493"]
[BlackElo "2337"]
[PlyCount "77"]
[EventDate "2023.12.15"]
[EventType "swiss"]
[EventRounds "8"]
[EventCountry "SWE"]
[SourceTitle "CBM 217 Extra"]
[Source "ChessBase"]
[SourceDate "2024.01.31"]
[SourceVersion "1"]
[SourceVersionDate "2024.01.31"]
[SourceQuality "1"]

1. c4 e5 2. g3 Nf6 3. Bg2 c6 4. Nf3 e4 5. Nd4 Qb6 6. Nb3 a5 7. d3 a4 8. N3d2 Bc5 9. 0-0 e3 10. fxe3 Bxe3+ 11. Kh1 Ng4 12. Nc3 0-0 13. Nde4 d5 14. cxd5 Bxc1 15. Qxc1 Ne3 16. Rf3 Nxd5 17. Qg5 h6 18. Qd2 a3 19. bxa3 Rxa3 20. d4 Nxc3 21. Rxc3 Rxc3 22. Qxc3 Be6 23. Nc5 Bxa2 24. Qc2 Bd5 25. e4 Be6 26. Rb1 Qd8 27. Nxe6 fxe6 28. Bh3 Qxd4 29. Bxe6+ Kh8 30. Bf5 Na6 31. Rxb7 Nb4 32. Qb1 c5 33. Rd7 Qf6 34. Qd1 c4 35. Rd6 Qe7 36. Qd4 Rf6 37. Rd8+ Rf8 38. Rd6 Rf6 39. Rd7 1-0

[Event "Malmo op"]
[Site "Malmo"]
[Date "2023.12.15"]
[Round "2"]
[White "Muntean, Victor"]
[Black "Hillarp Persson, Tiger"]
[Result "0-1"]
[WhiteElo "2067"]
[BlackElo "2493"]
[PlyCount "104"]
[EventDate "2023.12.15"]
[EventType "swiss"]
[EventRounds "8"]
[EventCountry "SWE"]
[SourceTitle "CBM 217 Extra"]
[Source "ChessBase"]
[SourceDate "2024.01.31"]
[SourceVersion "1"]
[SourceVersionDate "2024.01.31"]
[SourceQuality "1"]

1. e4 c5 2. c3 e6 3. d4 d5 4. e5 Nc6 5. Nf3 Bd7 6. Bd3 Qb6 7. dxc5 Bxc5 8. 0-0 a5 9. Nbd2 f6 10. Qe2 Qc7 11. Nb3 Bb6 12. Re1 fxe5 13. Nxe5 Qxe5 14. Qxe5 Nxe5 15. Rxe5 Nf6 16. Nd4 0-0 17. Re2 Rae8 18. Bf4 Ng4 19. Bd6 Rxf2 20. Rxf2 Nxf2 21. Kxf2 e5 22. Bxe5 Rxe5 23. Re1 Rxe1 24. Kxe1 g6 25. Bb5 Bc8 26. Ba4 Kg7 27. Bb3 Kf6 28. Bxd5 Ke5 29. Bg8 h6 30. Nf3+ Kf4 31. Nd2 Bg1 32. h3 b5 33. a3 Bb7 34. Kf1 Be3 35. Nb3 Kg3 36. Nd4 Bxg2+ 37. Ke2 Bxd4 38. cxd4 Bxh3 39. d5 Kf4 40. Be6 Bf5 41. b4 axb4 42. axb4 Ke5 43. Bf7 h5 44. Be8 h4 45. Bxb5 Kxd5 46. Kf2 g5 47. Bf1 g4 48. Ke3 Ke5 49. Bg2 Bd7 50. Bh1 h3 51. Bb7 Be6 52. Bh1 Bd5 0-1

[Event "EU-chT 24th"]
[Site "Budva"]
[Date "2023.11.18"]
[Round "7.3"]
[White "Hillarp Persson, Tiger"]
[Black "Can, Emre"]
[Result "1-0"]
[WhiteElo "2502"]
[BlackElo "2566"]
[PlyCount "209"]
[EventDate "2023.11.11"]
[EventType "team-swiss"]
[EventRounds "9"]
[EventCountry "MNE"]
[SourceTitle "CBM 217 Extra"]
[Source "ChessBase"]
[SourceDate "2024.01.31"]
[SourceVersion "1"]
[SourceVersionDate "2024.01.31"]
[SourceQuality "1"]
[WhiteTeam "Sweden"]
[BlackTeam "Turkey"]
[WhiteTeamCountry "SWE"]
[BlackTeamCountry "TUR"]

1. c4 e6 2. g3 d5 3. Bg2 Nf6 4. Nf3 d4 5. 0-0 c5 6. e3 Nc6 7. exd4 cxd4 8. d3 Bd6 9. Bg5 h6 10. Bxf6 Qxf6 11. Nbd2 Qd8 12. a3 a5 13. Rc1 0-0 14. c5 Bc7 15. Re1 Bd7 16. Rc4 e5 17. b4 axb4 18. axb4 Ra3 19. b5 Na5 20. Ra4 Rxd3 21. b6 Bxb6 22. cxb6 Bxa4 23. Qxa4 Qxb6 24. Bf1 Rc3 25. Nxe5 Qc7 26. Ndf3 Nc6 27. Nxc6 Qxc6 28. Qxc6 Rxc6 29. Nxd4 Rc7 30. Rb1 Rd8 31. Nf5 Rd5 32. Ne3 Rdc5 33. Rb6 R5c6 34. Rb4 Rd6 35. h4 h5 36. Nf5 Rd5 37. Nd4 g6 38. Nf3 Kf8 39. Kg2 Ke7 40. Bc4 Rf5 41. Ng5 Kf8 42. Bd3 Re5 43. Rb6 Rce7 44. Rb4 Kg7 45. Nf3 R5e6 46. Rb5 b6 47. Ng5 Rd6 48. Bc4 f6 49. Nf3 Rc7 50. Rb4 Rc5 51. Bf1 Rcd5 52. Ng1 Rd4 53. Rb3 Rd2 54. Nh3 Kh6 55. Ng1 Kg7 56. Ne2 Kh6 57. Nc3 Rc2 58. Ne4 Re6 59. Bd3 Rc7 60. Nc3 Rd7 61. Bc4 Re5 62. Bf1 Rd6 63. Na4 Ree6 64. Rb4 Rc6 65. Nb2 Kg7 66. Nd3 Red6 67. Nf4 Kh6 68. Ne2 Rc2 69. Nd4 Rc5 70. Be2 Re5 71. Bf3 Rc5 72. Be4 Re5 73. Bb1 Re1 74. Nf3 Rc1 75. Rb3 Rc4 76. Bd3 Rc5 77. Bf1 Rc7 78. Ng1 Rc5 79. Rb2 Rcd5 80. Rb3 Re5 81. Ne2 Red5 82. Nc3 Re5 83. Na4 Ree6 84. Nb2 Kg7 85. Nc4 Rc6 86. Ne3 Red6 87. Be2 Rc5 88. Ra3 Ra5 89. Rc3 Re6 90. Rc7+ Kf8 91. Bc4 Re7 92. Rc6 Rc5 93. Rxf6+ Kg7 94. Rf4 b5 95. Bf1 Ree5 96. Rb4 Kf6 97. Rb2 Ke7 98. Nc2 g5 99. hxg5 Rxg5 100. Kh3 Kf6 101. Nd4 Rg8 102. Rxb5 Rxb5 103. Bxb5 Rg4 104. f4 Rg8 105. Be2 1-0

[Event "EU-chT 24th"]
[Site "Budva"]
[Date "2023.11.13"]
[Round "3.9"]
[White "Mamedov, Rauf"]
[Black "Hillarp Persson, Tiger"]
[Result "1-0"]
[WhiteElo "2644"]
[BlackElo "2502"]
[PlyCount "57"]
[EventDate "2023.11.11"]
[EventType "team-swiss"]
[EventRounds "9"]
[EventCountry "MNE"]
[SourceTitle "CBM 217 Extra"]
[Source "ChessBase"]
[SourceDate "2024.01.31"]
[SourceVersion "1"]
[SourceVersionDate "2024.01.31"]
[SourceQuality "1"]
[WhiteTeam "Azerbaijan"]
[BlackTeam "Sweden"]
[WhiteTeamCountry "AZE"]
[BlackTeamCountry "SWE"]

1. e4 c5 2. Nc3 d6 3. Bb5+ Bd7 4. Bxd7+ Qxd7 5. d4 cxd4 6. Qxd4 Nc6 7. Qd3 g6 8. Nf3 Bg7 9. 0-0 Nf6 10. Bg5 h6 11. Bd2 Rc8 12. h3 Nb4 13. Qe2 0-0 14. Rad1 Qe6 15. a3 Na2 16. Rfe1 Nxc3 17. Bxc3 Qa2 18. Qb5 b6 19. e5 Rc5 20. Qa4 Nd5 21. Bd4 Rc4 22. Qxa7 dxe5 23. Nxe5 Rxc2 24. Qa4 Rfc8 25. Ra1 Qxa1 26. Rxa1 Nf4 27. Re1 Ne2+ 28. Kf1 Nxd4 29. Qxd4 1-0

[Event "Stockholm Elite Hotels GP"]
[Site "Stockholm"]
[Date "2023.11.04"]
[Round "5"]
[White "Hillarp Persson, Tiger"]
[Black "Iminov, Bachtiar"]
[Result "1-0"]
[WhiteElo "2502"]
[BlackElo "1864"]
[PlyCount "31"]
[EventDate "2023.11.03"]
[EventType "swiss"]
[EventRounds "8"]
[EventCountry "SWE"]
[SourceTitle "CBM 217 Extra"]
[Source "ChessBase"]
[SourceDate "2024.01.31"]
[SourceVersion "1"]
[SourceVersionDate "2024.01.31"]
[SourceQuality "1"]

1. c4 d6 2. Nc3 e5 3. d4 exd4 4. Qxd4 Nf6 5. Nf3 Nc6 6. Qd2 Bf5 7. Nd4 Qd7 8. f3 Be7 9. e4 Bg6 10. Be2 0-0 11. Nc2 Ne8 12. Ne3 f5 13. exf5 Bxf5 14. 0-0 Bg6 15. Kh1 Bg5 16. Qd5+ 1-0